| 000 | 00950nam a2200253 a 4500 | ||
|---|---|---|---|
| 001 | |||
| 003 | DO-SdBNP | ||
| 005 | 20221117104959.0 | ||
| 008 | 110330t1970 dr ac r000 0bspa d | ||
| 040 |
_aDO-SdBNP _bspa _cBPMSU |
||
| 082 |
_a923.27293 _bD812B 1970 _222 |
||
| 100 | 1 |
_aBalaguer, Joaquín, _d1906-2002 _92 |
|
| 245 | 1 | 3 |
_aEl cristo de la libertad : _bvida de Juan Pablo Duarte / _cJoaquín Balaguer. |
| 260 |
_aSanto Domingo : _bFundación de Crédito Educativo, _c1970 |
||
| 300 |
_a224 p. : _bil., retrs. ; _c15 cm. |
||
| 500 | _aIncluye referencias bibliográficas y notas al pie de las páginas | ||
| 500 | _aIncluye datos biográficos del autor en la solapa de la cubierta | ||
| 590 | _6Inventariado, 2022/VM | ||
| 600 | 1 | 4 |
_aDuarte, Juan Pablo, _d1813-1876 |
| 651 | 4 |
_aRepública Dominicana _xHistoria _y1844-1930 |
|
| 710 | 2 | _aFundación Crédito Educativo (República Dominicana) | |
| 910 | _aVMateo V./Validado | ||
| 942 |
_2ddc _cBK |
||
| 999 |
_c14334 _d14334 |
||